[Event "SLO-chT1 East"]
[Site "Celje"]
[Date "2014.10.12"]
[Round "5"]
[White "Glavac, Igor"]
[Black "Brinovec, David"]
[Result "1/2-1/2"]
[WhiteElo "1867"]
[BlackElo "1927"]
[PlyCount "141"]
[EventDate "2014.10.09"]
[EventType "team-tourn"]
[EventRounds "9"]
[EventCountry "SLO"]
[SourceTitle "EXT 2019"]
[Source "ChessBase"]
[SourceDate "2018.10.10"]
[SourceVersion "1"]
[SourceVersionDate "2018.10.10"]
[SourceQuality "1"]
[WhiteTeam "Milan Majcen Sevnica"]
[BlackTeam "Zalec"]
[WhiteTeamCountry "SLO"]
[BlackTeamCountry "SLO"]

1. d4 d5 2. c4 c6 3. Nf3 Nf6 4. g3 e6 5. Bg2 Nbd7 6. 0-0 Bd6 7. b3 0-0 8. Nc3 b6 9. Re1 Bb7 10. Qc2 dxc4 11. bxc4 c5 12. d5 Qe7 13. e4 Ne5 14. Nxe5 Bxe5 15. Bb2 a6 16. a4 Bd4 17. d6 Qd7 18. e5 Ng4 19. Nd1 Bxg2 20. Kxg2 Qc6+ 21. Qe4 Nxe5 22. f4 Qxe4+ 23. Rxe4 Nc6 24. Bxd4 Nxd4 25. Nc3 Rfd8 26. a5 Nb3 27. Ra2 Nxa5 28. Na4 Rxd6 29. Nxc5 Nxc4 30. Rxc4 Rc6 31. Nd7 Rxc4 32. Nxb6 Rcc8 33. Nxc8 Rxc8 34. Rxa6 g6 35. Kf3 h5 36. h4 Rc3+ 37. Kf2 Kg7 38. Ra5 Kf6 39. Ra7 Rd3 40. Rb7 Kg7 41. Ra7 Kf8 42. Rb7 Ke8 43. Ra7 Rd7 44. Ra6 Rb7 45. Rd6 Ke7 46. Rc6 Kd7 47. Ra6 Kc7 48. Ra8 Kb6 49. Ra4 Kb5 50. Ra2 Kc4 51. Ra4+ Kd3 52. Kf3 Rb5 53. Ra3+ Kc4 54. Ra4+ Kb3 55. Ra1 Kb2 56. Ra4 Kc3 57. Ra3+ Kb4 58. Ra1 Rf5 59. Re1 Kc5 60. Ke4 Kd6 61. Rd1+ Rd5 62. Ra1 Rc5 63. Ra7 Rc7 64. Ra6+ Ke7 65. Kf3 f6 66. Ra5 Kf7 67. Rb5 Rd7 68. Ra5 Re7 69. Ke4 f5+ 70. Ke5 Rb7 71. Rc5 1/2-1/2

[Event "Ljubljana-chT 67th Superliga"]
[Site "Ljubljana"]
[Date "2014.02.13"]
[Round "5.4"]
[White "Janzelj, Lara"]
[Black "Glavac, Igor"]
[Result "1-0"]
[WhiteElo "1873"]
[BlackElo "1897"]
[PlyCount "57"]
[EventDate "2014.01.09"]
[EventType "team-tourn"]
[EventRounds "9"]
[EventCountry "SLO"]
[SourceTitle "EXT 2022"]
[Source "ChessBase"]
[SourceDate "2021.10.06"]
[SourceVersion "1"]
[SourceVersionDate "2021.10.06"]
[SourceQuality "1"]
[WhiteTeam "Ig"]
[BlackTeam "Klinicni Center"]
[WhiteTeamCountry "SLO"]
[BlackTeamCountry "SLO"]

1. d4 Nf6 2. c4 g6 3. Nf3 Bg7 4. Nc3 0-0 5. e4 d6 6. Be2 Nbd7 7. 0-0 e5 8. d5 h6 9. Ne1 Ne8 10. f4 f5 11. exf5 Rxf5 12. Bg4 Rf8 13. Qd3 exf4 14. Bxd7 Bxd7 15. Qxg6 Rf6 16. Qd3 Bf5 17. Qe2 Rg6 18. Bxf4 Qh4 19. Rd1 Bg4 20. Nf3 Qh5 21. Ne4 Bxb2 22. Ng3 Bxf3 23. Rxf3 Qg4 24. Qxb2 Ng7 25. Rdf1 Re8 26. Qc2 Rf6 27. Ne4 Rf5 28. h3 Qh4 29. Nc3 1-0

[Event "SLO-chT1 East"]
[Site "Sentjur"]
[Date "2013.10.17"]
[Round "1"]
[White "Amon, Nejc"]
[Black "Glavac, Igor"]
[Result "0-1"]
[WhiteElo "1866"]
[BlackElo "1890"]
[PlyCount "72"]
[EventDate "2013.10.17"]
[EventType "team-tourn"]
[EventRounds "9"]
[EventCountry "SLO"]
[SourceTitle "EXT 2015"]
[Source "ChessBase"]
[SourceDate "2014.11.20"]
[SourceVersion "1"]
[SourceVersionDate "2014.11.20"]
[SourceQuality "1"]

1. e4 c5 2. Nf3 d6 3. d4 cxd4 4. Nxd4 Nf6 5. Nc3 a6 6. g3 e6 7. Bg2 Be7 8. 0-0 0-0 9. Be3 Qc7 10. Qe2 Bd7 11. a4 Nc6 12. Nxc6 Bxc6 13. a5 Rac8 14. Rfd1 Nd7 15. b4 Bf6 16. Ra3 Qd8 17. Bd4 Qe7 18. Raa1 Rfd8 19. b5 axb5 20. Nxb5 Bxb5 21. Qxb5 Rxc2 22. Bxf6 Qxf6 23. f3 Rb2 24. Qd3 Nc5 25. Qe3 h6 26. e5 Qf5 27. Rac1 Rb3 28. Qd4 Nd3 29. g4 Nxc1 30. gxf5 Ne2+ 31. Kf2 Nxd4 32. Rxd4 d5 33. Bh3 Re8 34. Ra4 exf5 35. a6 bxa6 36. Rxa6 g6 0-1

[Event "Ljubljana-chT 66th Superliga"]
[Site "Ljubljana"]
[Date "2013.01.10"]
[Round "1.4"]
[White "Glavac, Igor"]
[Black "Jelen, Miha"]
[Result "1-0"]
[WhiteElo "1903"]
[BlackElo "1531"]
[PlyCount "69"]
[EventDate "2013.01.10"]
[EventType "team-tourn"]
[EventRounds "9"]
[EventCountry "SLO"]
[SourceTitle "EXT 2022"]
[Source "ChessBase"]
[SourceDate "2021.10.06"]
[SourceVersion "1"]
[SourceVersionDate "2021.10.06"]
[SourceQuality "1"]
[WhiteTeam "Klinicni Center"]
[BlackTeam "Ig"]
[WhiteTeamCountry "SLO"]
[BlackTeamCountry "SLO"]

1. d4 d5 2. Nf3 e6 3. g3 c5 4. Bg2 Nc6 5. 0-0 Nf6 6. b3 Be7 7. Bb2 0-0 8. e3 b6 9. c4 Bb7 10. Nbd2 Rc8 11. Rc1 a6 12. Qe2 Rc7 13. dxc5 bxc5 14. Bxf6 Bxf6 15. cxd5 exd5 16. Rxc5 Qd6 17. Rfc1 Bb2 18. R1c2 Ba3 19. R5c3 Bb4 20. Rd3 Ne5 21. Nc4 Nxf3+ 22. Bxf3 Qe6 23. Rd1 Ba8 24. Nb2 Rd8 25. Nd3 Bd6 26. Rdc1 Rxc2 27. Rxc2 h6 28. Nc5 Bxc5 29. Rxc5 d4 30. exd4 Bxf3 31. Qxf3 Rxd4 32. Rc6 Qe1+ 33. Kg2 Rd1 34. Rc8+ Kh7 35. Qf5+ 1-0

[Event "SLO-ch U20"]
[Site "Bled"]
[Date "1998.??.??"]
[Round "?"]
[White "Glavac, Igor"]
[Black "Kosmac, Blaz"]
[Result "0-1"]
[WhiteElo "1735"]
[BlackElo "2095"]
[PlyCount "80"]
[EventDate "1998.??.??"]
[EventType "swiss"]
[EventRounds "9"]
[EventCountry "SLO"]
[SourceTitle "EXT 2000"]
[Source "ChessBase"]
[SourceDate "1999.11.16"]
[SourceVersion "1"]
[SourceVersionDate "1999.11.16"]
[SourceQuality "1"]

1. d4 Nf6 2. Nf3 g6 3. c4 Bg7 4. g3 c6 5. Bg2 d5 6. cxd5 cxd5 7. 0-0 0-0 8. Nc3 e6 9. b3 Nc6 10. Bb2 Bd7 11. Rc1 Rc8 12. e3 Ne4 13. Nxe4 dxe4 14. Ne5 f5 15. Ba3 Re8 16. Nc4 Bf8 17. Bxf8 Rxf8 18. Nd6 Rb8 19. a3 b5 20. Nxe4 fxe4 21. Bxe4 Ne7 22. Rc5 Rb6 23. Bd3 Bc6 24. Re1 Nf5 25. Qc2 Bd5 26. Rxb5 Rxb5 27. Bxb5 Qa5 28. Qe2 Nd6 29. Bd3 Bxb3 30. Rb1 Qxa3 31. Bxg6 hxg6 32. Qd3 Rf5 33. Rxb3 Qc1+ 34. Kg2 Qc6+ 35. d5 Qxd5+ 36. Qxd5 Rxd5 37. Ra3 a5 38. f4 Nc4 39. Rc3 Rc5 40. Kf3 Ne5+ 0-1

[Event "SLO-ch U20"]
[Site "Bled"]
[Date "1998.??.??"]
[Round "?"]
[White "Starcic, Tadej"]
[Black "Glavac, Igor"]
[Result "1-0"]
[WhiteElo "2020"]
[BlackElo "1730"]
[PlyCount "79"]
[EventDate "1998.??.??"]
[EventType "swiss"]
[EventRounds "9"]
[EventCountry "SLO"]
[SourceTitle "EXT 2000"]
[Source "ChessBase"]
[SourceDate "1999.11.16"]
[SourceVersion "1"]
[SourceVersionDate "1999.11.16"]
[SourceQuality "1"]

1. d4 Nf6 2. c4 g6 3. Nc3 Bg7 4. e4 d6 5. f3 0-0 6. Be3 c6 7. Qd2 Re8 8. Bd3 a6 9. a4 e5 10. d5 cxd5 11. cxd5 h5 12. a5 Nh7 13. Nge2 f5 14. exf5 Bxf5 15. Ne4 Nf6 16. N2c3 Qe7 17. 0-0 Nbd7 18. Bg5 Qf8 19. b4 Nh7 20. Be3 Ndf6 21. Na4 Bxe4 22. fxe4 Qe7 23. h3 Nd7 24. b5 axb5 25. Bxb5 Nhf6 26. Bd3 Rec8 27. Rfb1 Qd8 28. Rb5 Ra6 29. Rab1 Rc7 30. Qb4 Qc8 31. Qd2 Qd8 32. Nb6 Nc5 33. Bxc5 Rxc5 34. Rxc5 dxc5 35. Bxa6 bxa6 36. d6 Kh7 37. Qd3 Bf8 38. Rd1 Ne8 39. d7 Nf6 40. Nc4 1-0